|
|
|
|
| LEADER |
00000nab a2200000 a 4500 |
| 001 |
vtls008855762 |
| 003 |
SK-MaSNL |
| 005 |
20260304144106.0 |
| 008 |
250505c2006 xo mr|p|||||||000 b|slo |
| 015 |
|
|
|a SNBRB2006/10
|2 snkbucl
|
| 035 |
|
|
|a urn:nbn:sk:snk-ab8bsr
|
| 035 |
|
|
|a (urnnbn)urn:nbn:sk:snk:ar-a07ulc
|
| 035 |
|
|
|a (uuid)13f6eee6-a44b-400b-80af-d641b5f4a3c4
|
| 038 |
|
|
|a SNKBUCL
|
| 040 |
|
|
|a SNKBUCL
|b slo
|c SNKBUCL
|e AACR2
|
| 041 |
0 |
|
|a slo
|
| 044 |
|
|
|a xo
|c SK
|
| 080 |
|
|
|a 316.48
|2 1997
|
| 100 |
1 |
|
|a Bakerová, Jarmila
|4 aut
|9 978698
|
| 245 |
1 |
0 |
|a Riešenie konfliktov mediáciou
|c Jarmila Bakerová
|
| 650 |
0 |
7 |
|a konflikty
|2 snkbucl
|9 4470
|
| 650 |
0 |
7 |
|a mediácia
|2 snkbucl
|9 25067
|
| 773 |
0 |
|
|t Eurobiznis
|g Roč. 5., október (2006), s. 28
|x 1336-393X
|
| 850 |
|
|
|a Slovenská národná knižnica
|
| 852 |
|
|
|a Slovenská národná knižnica
|
| 954 |
|
|
|a odborná, vedecká literatúra pôvodná (slovenská)
|2 lita
|
| 958 |
|
|
|a article9
|
| 958 |
|
|
|a OND
|
| 958 |
|
|
|a EUIPO
|
| 999 |
|
|
|c 2929331
|d 2931261
|